Vértigo
El guion de la película está basado en la novela de 1954 D'entre les morts (De entre los muertos) escrita por Pierre Boileau y Thomas Narcejac. -- Scottie Fergusson es un detective de la policía de San Francisco que padece de vértigo. Cuando un compañero cae al vacío desde una cornisa mientras...
Guardado en:
| Autor Principal: | |
|---|---|
| Autor Corporativo: | |
| Otros Autores: | , , , , , , , |
| Formato: | |
| Idioma: | Undetermined |
| Publicado: |
Estados Unidos :
Universal Pictures,
1958.
|
| Materias: | |
| Etiquetas: |
Agregar Etiqueta
Sin Etiquetas, Sea el primero en etiquetar este registro!
|
| LEADER | 01608ngm a22003255a 4500 | ||
|---|---|---|---|
| 001 | CEM.cems020160 | ||
| 008 | 230605s1958####xx#---############vlund#d | ||
| 005 | 20230605205051.0 | ||
| 245 | 1 | 0 | |a Vértigo |h [videograbación] / |c Alfred Hitchcock. |
| 260 | |a Estados Unidos : |b Universal Pictures, |c 1958. | ||
| 300 | |a 120'. | ||
| 520 | |a El guion de la película está basado en la novela de 1954 D'entre les morts (De entre los muertos) escrita por Pierre Boileau y Thomas Narcejac. -- Scottie Fergusson es un detective de la policía de San Francisco que padece de vértigo. Cuando un compañero cae al vacío desde una cornisa mientras persiguen a un delincuente, Scottie decide retirarse. Gavin Elster, un viejo amigo del colegio, lo contrata para un caso aparentemente muy simple: que vigile a su esposa Madeleine, una bella mujer que está obsesionada con su pasado. | ||
| 590 | |a Identificación anterior: 59 | ||
| 538 | |a Soporte: DVD -- Formato: DVD Peso: 4.36gb -- Resolución: 720 x 480 -- 29.97fps | ||
| 100 | 1 | |a Hitchcock, Alfred. | |
| 700 | 1 | |a Coppel, Alec; Guion. | |
| 700 | 1 | |a Taylor, Samuel; Guion. | |
| 700 | 1 | |a Herrmann, Bernard; Música. | |
| 700 | 1 | |a Stewart, James; Reparto. | |
| 700 | 1 | |a Novak, Kim; Reparto. | |
| 700 | 1 | |a Bel Geddes, Barbara; Reparto. | |
| 700 | 1 | |a Helmore, Tom; Reparto. | |
| 700 | 1 | |a Jones, Henry; Reparto. | |
| 710 | 2 | |a Alfred J. Hitchcock Productions. | |
| 653 | |a LARGOMETRAJE | ||
| 653 | |a FICCIÓN | ||
| 653 | |a THRILLER | ||
| 653 | |a SUSPENSO | ||
| 653 | |a MISTERIO | ||
| 859 | |a CEMS |b BIB. CEMS - Depto. Recursos Didacticos |h 778.5 |i HIT-1 |k DRD |p 3017.23 |t Ej.1 | ||
